The Office Trivia (HARDEST) - Statistics

General Stats
  • This quiz has been taken 178 times
  • The average score is 7 of 11
Answer Stats
Hint Answer % Correct
What is the name of the company that purchases Dunder-Mifflin? Sabre
93%
What is the name of Jan's assistant? Hunter
86%
When Dwight goes clubbing with Michael and Dwight, he meets a team of girls from what sport? Basketball
79%
At his Athlead interview, Darryl shoots a basketball that misses and lands in a... Fish Tank
79%
What is the name of Michael's book that he writes throughout the show? Somehow I Manage
67%
What is the name of the toy that Dwight buys out at Christmas? Toby later purchases one. Princess Unicorn
66%
Gabe acts as the proverbial what in Tallahassee? Hint: a household item. Toilet
64%
What product does Dwight lead a team to launch in Florida? Pyramid
62%
What is the name of Meredith's son? Jake
47%
What does Dwight prepare for Michael to eat prior to moving to Colorado? Hint: they eat it on the roof. Bull Testicle
45%
Michael's nephew Luke forgets to return a pair of jeans for him. Where are the jeans from? Talbots
3%
No matching quizzes found
Score Distribution
Percent of People with Each Score
Percentile by Number Answered
Your Score History
You have not taken this quiz